| 000 | 01175nac a22002891u 4500 | ||
|---|---|---|---|
| 010 | _a 2006048812 | ||
| 020 | _a9780131960121 (pbk.) | ||
| 035 | _a(OCoLC)ocm76481569 | ||
| 035 | _a(OCoLC)76481569 | ||
| 082 | 0 | 0 |
_a320.12 _bFLI |
| 090 |
_c9179 _d9179 |
||
| 100 | _aFlint, Colin. | ||
| 245 | 1 | 0 |
_aPolitical geography : world-economy, nation-state, and locality / _cColin Flint and Peter J. Taylor. |
| 250 | _a5th ed. | ||
| 260 |
_aHarlow, England ; _aNew York : _bPearson/Prentice Hall,C.2007. _cC.2007. |
||
| 300 |
_axii, 355 p. : _bill., maps ; _c25 cm. |
||
| 500 | _aRev. ed. of: Political geography / Peter J. Taylor. 3rd ed. 1993. | ||
| 500 | _aDistributer: Sphinx. | ||
| 504 | _aIncludes bibliographical references (p. 324-340) and index. | ||
| 511 | _aCatalogued By: Mahitab. | ||
| 650 | 0 | _aPolitical geography. | |
| 650 | 0 | _aGeopolitics. | |
| 700 | 1 |
_aTaylor, Peter J. _q(Peter James), _d1944- |
|
| 856 | 4 | 1 |
_3Table of contents only _uhttp://www.loc.gov/catdir/toc/fy0707/2006048812.html |
| 942 |
_cBB _k320.12FLI |
||
| 999 |
_c9179 _d9179 |
||